000 00698nam a2200241Ia 4500
005 20251020182539.0
008 200515s9999 xx 000 0 und d
082 _a728.13/K62
110 _aKliczkowski Publisher
245 4 _aThe best of American Houses
260 _aMadrid
260 _c2000
300 _a216
500 _a1 ejemplar
520 _aSe presentan 22 casas con emplazamientos, planos, superficies y partidos arquitectónicos diversos, con invariantes validad para un examen provechoso
650 _aCASAS DE PLAYA
650 _aDISEÑO ARQUITECTONICO
650 _aDISEÑO DE INTERIORES
650 _aLIB
650 _aPLANOS
650 _aVIVIENDAS
942 _cLIB
999 _c2349
_d2349